| 000 | 00682cab a2200253 4500 | ||
|---|---|---|---|
| 001 | ABS58780 | ||
| 008 | 090401t1998 xxu||||| |||| 00| 0 eng d | ||
| 035 | _a(Sirsi) u86669 | ||
| 041 | _aeng | ||
| 100 | _aGuest, P. | ||
| 245 | _aSetting a president | ||
| 260 | _c1998 | ||
| 350 | _a0 | ||
| 490 |
_aProperty Week _v63(7) 29 May 1998, 29(1) |
||
| 520 | _aReview of the career of Richard Lay, RICS President for 1998/99. | ||
| 650 | _aABOUT RICS-RICS MEMBERS | ||
| 650 | _aNEW MARKETS | ||
| 650 | _aREVIEW | ||
| 650 | _aRICHARD LAY | ||
| 650 | _aRICS PRESIDENT | ||
| 690 | _aMANAGEMENT-BUSINESS MANAGEMENT-PROFESSIONAL PRACTICE | ||
| 942 | _n0 | ||
| 948 | _c08/06/1998 | ||
| 999 |
_c54576 _d54576 |
||